000 00703nam a2200229Ia 4500
003 GCL
008 140319s9999 xx 000 0 ara d
040 _aGCL /
_cGCL
082 0 4 _a819
_bج ب
100 1 _aمحمد سويد (اعداد)
245 1 0 _aالبخلاء /
_cمحمد سويد (اعداد)
700 1 _aمصطفى قصاص
700 1 _aالجاحظ : ابوعثمان عمرو بن بحر محبوب
250 _aالثالثة
260 _aبيروت :
_bدار المعارف ،
_c1994
300 _a404 ص ؛
_c25 سم
650 0 4 _aالادب العربى
650 0 4 _aالادب
650 0 4 _aالبلاغة العربية
650 0 4 _aالقصة
942 _2ddc
_cBK
999 _c58740
_d58740